Statistics for Newcastle United League Players Since 2014

Click here to take the quiz!

General Stats

  • This quiz has been taken 26 times
  • The average score is 174 of 282

Answer Stats

% Correct
2023/24 (Premier League)SwedenST24Alexander Isak2619
95%
2022/23 (Premier League - 4th)SwedenST22Alexander Isak2210
95%
2023/24 (Premier League)EnglandLW23Anthony Gordon3210
95%
2022/23 (Premier League - 4th)EnglandLW21Anthony Gordon161
95%
2022/23 (Premier League - 4th)EnglandST30Callum Wilson3118
95%
2023/24 (Premier League)EnglandST32Callum Wilson188
95%
2020/21 (Premier League - 12th)EnglandST28Callum Wilson2612
95%
2021/22 (Premier League - 11th)EnglandST29Callum Wilson188
95%
2021/22 (Premier League - 11th)EnglandRB30Kieran Trippier62
95%
2023/24 (Premier League)EnglandRB33Kieran Trippier251
95%
2022/23 (Premier League - 4th)EnglandRB31Kieran Trippier381
95%
2021/22 (Premier League - 11th)BrazilDM23Bruno Guimaraes175
90%
2022/23 (Premier League - 4th)BrazilDM24Bruno Guimaraes324
90%
2023/24 (Premier League)BrazilDM26Bruno Guimaraes335
90%
2022/23 (Premier League - 4th)EnglandLB30Dan Burn381
90%
2023/24 (Premier League)EnglandLB31Dan Burn292
90%
2021/22 (Premier League - 11th)EnglandLB29Dan Burn16
90%
2018/19 (Premier League - 13th)SwitzerlandCB26Fabian Schar244
90%
2021/22 (Premier League - 11th)SwitzerlandCB29Fabian Schar252
90%
2020/21 (Premier League - 12th)SwitzerlandCB28Fabian Schar181
90%
2019/20 (Premier League - 13th)SwitzerlandCB27Fabian Schar222
90%
2022/23 (Premier League - 4th)SwitzerlandCB30Fabian Schar361
90%
2023/24 (Premier League)SwitzerlandCB32Fabian Schar344
90%
2020/21 (Premier League - 12th)BrazilCM23Joelinton314
90%
2019/20 (Premier League - 13th)BrazilCM22Joelinton382
90%
2022/23 (Premier League - 4th)BrazilCM25Joelinton326
90%
2021/22 (Premier League - 11th)BrazilCM24Joelinton354
90%
2023/24 (Premier League)BrazilCM27Joelinton162
90%
2019/20 (Premier League - 13th)ParaguayRW25Miguel Almiron364
90%
2022/23 (Premier League - 4th)ParaguayRW28Miguel Almiron3411
90%
2018/19 (Premier League - 13th)ParaguayRW24Miguel Almiron10
90%
2021/22 (Premier League - 11th)ParaguayRW27Miguel Almiron301
90%
2023/24 (Premier League)ParaguayRW30Miguel Almiron293
90%
2020/21 (Premier League - 12th)ParaguayRW26Miguel Almiron344
90%
2022/23 (Premier League - 4th)EnglandGK30Nick Pope37
90%
2023/24 (Premier League)EnglandGK32Nick Pope14
90%
2023/24 (Premier League)ItalyDM23Sandro Tonali81
90%
2021/22 (Premier League - 11th)New ZealandST29Chris Wood172
86%
2022/23 (Premier League - 4th)New ZealandST30Chris Wood182
86%
2023/24 (Premier League)EnglandLW26Harvey Barnes174
86%
2022/23 (Premier League - 4th)SlovakiaGK33Martin Dubravka2
86%
2021/22 (Premier League - 11th)SlovakiaGK32Martin Dubravka26
86%
2020/21 (Premier League - 12th)SlovakiaGK31Martin Dubravka13
86%
2023/24 (Premier League)SlovakiaGK35Martin Dubravka20
86%
2018/19 (Premier League - 13th)SlovakiaGK29Martin Dubravka38
86%
2017/18 (Premier League - 10th)SlovakiaGK28Martin Dubravka12
86%
2019/20 (Premier League - 13th)SlovakiaGK30Martin Dubravka38
86%
2020/21 (Premier League - 12th)EnglandCM20Matty Longstaff5
86%
2019/20 (Premier League - 13th)EnglandCM19Matty Longstaff92
86%
2022/23 (Premier League - 4th)EnglandCM24Sean Longstaff331
86%
2023/24 (Premier League)EnglandCM26Sean Longstaff314
86%
2019/20 (Premier League - 13th)EnglandCM21Sean Longstaff231
86%
2020/21 (Premier League - 12th)EnglandCM22Sean Longstaff22
86%
2021/22 (Premier League - 11th)EnglandCM23Sean Longstaff241
86%
2018/19 (Premier League - 13th)EnglandCM20Sean Longstaff91
86%
2022/23 (Premier League - 4th)NetherlandsCB22Sven Botman36
86%
2023/24 (Premier League)NetherlandsCB24Sven Botman172
86%
2023/24 (Premier League)EnglandRB21Tino Livramento241
86%
2023/24 (Premier League)EnglandCB30Jamaal Lascelles161
81%
2019/20 (Premier League - 13th)EnglandCB25Jamaal Lascelles241
81%
2018/19 (Premier League - 13th)EnglandCB24Jamaal Lascelles32
81%
2022/23 (Premier League - 4th)EnglandCB28Jamaal Lascelles7
81%
2015/16 (Premier League - 18th)EnglandCB21Jamaal Lascelles182
81%
2021/22 (Premier League - 11th)EnglandCB27Jamaal Lascelles261
81%
2016/17 (Championship - 1st)EnglandCB22Jamaal Lascelles433
81%
2017/18 (Premier League - 10th)EnglandCB23Jamaal Lascelles333
81%
2020/21 (Premier League - 12th)EnglandCB26Jamaal Lascelles192
81%
2017/18 (Premier League - 10th)SerbiaST22Aleksandar Mitrovic61
76%
2015/16 (Premier League - 18th)SerbiaST20Aleksandar Mitrovic349
76%
2016/17 (Championship - 1st)SerbiaST21Aleksandar Mitrovic254
76%
2021/22 (Premier League - 11th)FranceLW24Allan Saint-Maximin355
76%
2020/21 (Premier League - 12th)FranceLW23Allan Saint-Maximin253
76%
2019/20 (Premier League - 13th)FranceLW22Allan Saint-Maximin263
76%
2022/23 (Premier League - 4th)FranceLW25Allan Saint-Maximin251
76%
2015/16 (Premier League - 18th)SpainLW21Ayoze Perez346
76%
2016/17 (Championship - 1st)SpainLW22Ayoze Perez369
76%
2014/15 (Premier League - 15th)SpainLW20Ayoze Perez367
76%
2018/19 (Premier League - 13th)SpainLW24Ayoze Perez3712
76%
2017/18 (Premier League - 10th)SpainLW23Ayoze Perez368
76%
2023/24 (Premier League)SwedenRB29Emil Krafth13
76%
2021/22 (Premier League - 11th)SwedenRB26Emil Krafth20
76%
2019/20 (Premier League - 13th)SwedenRB24Emil Krafth17
76%
2020/21 (Premier League - 12th)SwedenRB25Emil Krafth161
76%
2022/23 (Premier League - 4th)SwedenRB27Emil Krafth1
76%
2020/21 (Premier League - 12th)ScotlandRM30Matt Ritchie18
76%
2019/20 (Premier League - 13th)ScotlandRM29Matt Ritchie182
76%
2021/22 (Premier League - 11th)ScotlandRM31Matt Ritchie18
76%
2018/19 (Premier League - 13th)ScotlandRM28Matt Ritchie362
76%
2016/17 (Championship - 1st)ScotlandRM26Matt Ritchie4212
76%
2023/24 (Premier League)ScotlandRM34Matt Ritchie121
76%
2022/23 (Premier League - 4th)ScotlandRM32Matt Ritchie7
76%
2017/18 (Premier League - 10th)ScotlandRM27Matt Ritchie353
76%
2018/19 (Premier League - 13th)VenezuelaST28Salomon Rondon3211
76%
2023/24 (Premier League)IrelandLB19Alex Murphy2
71%
2016/17 (Championship - 1st)IrelandST33Daryl Murphy155
71%
2022/23 (Premier League - 4th)EnglandRW27Jacob Murphy364
71%
2023/24 (Premier League)EnglandRW29Jacob Murphy172
71%
2020/21 (Premier League - 12th)EnglandRW25Jacob Murphy262
71%
2018/19 (Premier League - 13th)EnglandEW23Jacob Murphy9
71%
2017/18 (Premier League - 10th)EnglandRW22Jacob Murphy251
71%
2021/22 (Premier League - 11th)EnglandRW26Jacob Murphy331
71%
2020/21 (Premier League - 12th)EnglandCM28Jonjo Shelvey301
71%
2022/23 (Premier League - 4th)EnglandCM30Jonjo Shelvey3
71%
2015/16 (Premier League - 18th)EnglandCM23Jonjo Shelvey15
71%
2017/18 (Premier League - 10th)EnglandCM25Jonjo Shelvey301
71%
2019/20 (Premier League - 13th)EnglandCM27Jonjo Shelvey266
71%
2021/22 (Premier League - 11th)EnglandCM29Jonjo Shelvey242
71%
2016/17 (Championship - 1st)EnglandCM24Jonjo Shelvey425
71%
2018/19 (Premier League - 13th)EnglandCM26Jonjo Shelvey161
71%
2023/24 (Premier League)EnglandLB19Lewis Hall14
71%
2023/24 (Premier League)GermanyGK30Loris Karius1
71%
2018/19 (Premier League - 13th)GhanaLW26Christian Atsu281
67%
2017/18 (Premier League - 10th)GhanaLW25Christian Atsu282
67%
2019/20 (Premier League - 13th)GhanaLW27Christian Atsu19
67%
2016/17 (Championship - 1st)GhanaLW24Christian Atsu325
67%
2018/19 (Premier League - 13th)United StatesRB24DeAndre Yedlin291
67%
2019/20 (Premier League - 13th)United StatesRB25DeAndre Yedlin161
67%
2017/18 (Premier League - 10th)United StatesRB23DeAndre Yedlin34
67%
2016/17 (Championship - 1st)United StatesRB22DeAndre Yedlin271
67%
2020/21 (Premier League - 12th)United StatesRB26DeAndre Yedlin6
67%
2015/16 (Premier League - 18th)NetherlandsCM24Georginio Wijnaldum3811
67%
2021/22 (Premier League - 11th)SpainRB27Javier Manquillo191
67%
2018/19 (Premier League - 13th)SpainRB24Javier Manquillo18
67%
2020/21 (Premier League - 12th)SpainRB26Javier Manquillo13
67%
2019/20 (Premier League - 13th)SpainRB25Javier Manquillo21
67%
2017/18 (Premier League - 10th)SpainRB23Javier Manquillo21
67%
2022/23 (Premier League - 4th)SpainRB28Javier Manquillo4
67%
2022/23 (Premier League - 4th)EnglandCM22Joe Willock353
67%
2023/24 (Premier League)EnglandCM24Joe Willock91
67%
2020/21 (Premier League - 12th)EnglandCM20Joe Willock148
67%
2021/22 (Premier League - 11th)EnglandCM21Joe Willock292
67%
2016/17 (Championship - 1st)EnglandGK25Karl Darlow34
67%
2020/21 (Premier League - 12th)EnglandGK29Karl Darlow25
67%
2021/22 (Premier League - 11th)EnglandGK30Karl Darlow8
67%
2015/16 (Premier League - 18th)EnglandGK24Karl Darlow9
67%
2017/18 (Premier League - 10th)EnglandGK26Karl Darlow10
67%
2022/23 (Premier League - 4th)EnglandCM16Lewis Miley1
62%
2023/24 (Premier League)EnglandCM17Lewis Miley171
62%
2014/15 (Premier League - 15th)SenegalST29Papiss Cisse2211
62%
2015/16 (Premier League - 18th)SenegalST30Papiss Cisse213
62%
2018/19 (Premier League - 13th)WalesCB26Paul Dummett26
62%
2015/16 (Premier League - 18th)WalesCB23Paul Dummett231
62%
2017/18 (Premier League - 10th)WalesCB25Paul Dummett20
62%
2014/15 (Premier League - 15th)WalesCB22Paul Dummett25
62%
2021/22 (Premier League - 11th)WalesCB29Paul Dummett3
62%
2016/17 (Championship - 1st)WalesCB24Paul Dummett45
62%
2023/24 (Premier League)WalesCB32Paul Dummett4
62%
2019/20 (Premier League - 13th)WalesCB27Paul Dummett16
62%
2020/21 (Premier League - 12th)WalesCB28Paul Dummett151
62%
2022/23 (Premier League - 4th)ScotlandLW28Ryan Fraser8
62%
2020/21 (Premier League - 12th)ScotlandLW26Ryan Fraser18
62%
2021/22 (Premier League - 11th)ScotlandLW27Ryan Fraser272
62%
2017/18 (Premier League - 10th)DR CongoCB22Chancel Mbemba9
57%
2015/16 (Premier League - 18th)DR CongoCB20Chancel Mbemba33
57%
2016/17 (Championship - 1st)DR CongoCB21Chancel Mbemba121
57%
2014/15 (Premier League - 15th)NetherlandsRB24Daryl Janmaat371
57%
2015/16 (Premier League - 18th)NetherlandsRB25Daryl Janmaat322
57%
2016/17 (Championship - 1st)NetherlandsRB26Daryl Janmaat2
57%
2017/18 (Premier League - 10th)EnglandST27Dwight Gayle356
57%
2016/17 (Championship - 1st)EnglandST26Dwight Gayle3223
57%
2020/21 (Premier League - 12th)EnglandST30Dwight Gayle181
57%
2021/22 (Premier League - 11th)EnglandST31Dwight Gayle8
57%
2019/20 (Premier League - 13th)EnglandST29Dwight Gayle204
57%
2014/15 (Premier League - 15th)ArgentinaCB32Fabricio Coloccini321
57%
2015/16 (Premier League - 18th)ArgentinaCB33Fabricio Coloccini261
57%
2022/23 (Premier League - 4th)Northern IrelandLB24Jamal Lewis2
57%
2020/21 (Premier League - 12th)Northern IrelandLB22Jamal Lewis24
57%
2021/22 (Premier League - 11th)Northern IrelandLB23Jamal Lewis5
57%
2019/20 (Premier League - 13th)NetherlandsLB25Jetro Willems192
57%
2014/15 (Premier League - 15th)FranceCM24Moussa Sissoko344
57%
2015/16 (Premier League - 18th)FranceCM25Moussa Sissoko371
57%
2018/19 (Premier League - 13th)JapanST25Yoshinori Muto171
57%
2019/20 (Premier League - 13th)JapanST26Yoshinori Muto8
57%
2015/16 (Premier League - 18th)Ivory CoastDM29Cheik Tiote20
52%
2016/17 (Championship - 1st)Ivory CoastDM30Cheik Tiote1
52%
2014/15 (Premier League - 15th)Ivory CoastDM28Cheik Tiote11
52%
2021/22 (Premier League - 11th)IrelandCB31Ciaran Clark13
52%
2016/17 (Championship - 1st)IrelandCB26Ciaran Clark343
52%
2020/21 (Premier League - 12th)IrelandCB30Ciaran Clark221
52%
2019/20 (Premier League - 13th)IrelandCB29Ciaran Clark142
52%
2018/19 (Premier League - 13th)IrelandCB28Ciaran Clark113
52%
2017/18 (Premier League - 10th)IrelandCB27Ciaran Clark202
52%
2020/21 (Premier League - 12th)ScotlandCM17Elliot Anderson1
52%
2023/24 (Premier League)ScotlandCM21Elliot Anderson17
52%
2022/23 (Premier League - 4th)ScotlandCM19Elliot Anderson22
52%
2019/20 (Premier League - 13th)ArgentinaCB30Federico Fernandez322
52%
2021/22 (Premier League - 11th)ArgentinaCB32Federico Fernandez7
52%
2020/21 (Premier League - 12th)ArgentinaCB31Federico Fernandez24
52%
2018/19 (Premier League - 13th)ArgentinaCB29Federico Fernandez19
52%
2021/22 (Premier League - 11th)EnglandGK24Freddie Woodman4
52%
2017/18 (Premier League - 10th)AlgeriaST29Islam Slimani4
52%
2017/18 (Premier League - 10th)BrazilLW21Kenedy132
52%
2018/19 (Premier League - 13th)BrazilLW22Kenedy251
52%
2021/22 (Premier League - 11th)EnglandLB25Matt Targett16
52%
2023/24 (Premier League)EnglandLB28Matt Targett3
52%
2022/23 (Premier League - 4th)EnglandLB26Matt Targett17
52%
2017/18 (Premier League - 10th)SpainCM21Mikel Merino241
52%
2014/15 (Premier League - 15th)NetherlandsGK26Tim Krul30
52%
2015/16 (Premier League - 18th)NetherlandsGK27Tim Krul8
52%
2019/20 (Premier League - 13th)EnglandST30Andy Carroll19
48%
2020/21 (Premier League - 12th)EnglandST31Andy Carroll181
48%
2016/17 (Championship - 1st)EnglandDM21Isaac Hayden332
48%
2021/22 (Premier League - 11th)EnglandDM26Isaac Hayden141
48%
2020/21 (Premier League - 12th)EnglandDM25Isaac Hayden24
48%
2017/18 (Premier League - 10th)EnglandDM22Isaac Hayden261
48%
2018/19 (Premier League - 13th)EnglandDM23Isaac Hayden251
48%
2019/20 (Premier League - 13th)EnglandDM24Isaac Hayden291
48%
2017/18 (Premier League - 10th)SpainST27Joselu304
48%
2018/19 (Premier League - 13th)SpainST28Joselu162
48%
2019/20 (Premier League - 13th)South KoreaDM30Ki Sung-yueng3
48%
2018/19 (Premier League - 13th)South KoreaDM29Ki Sung-yueng18
48%
2018/19 (Premier League - 13th)SenegalCM31Mohamed Diame29
48%
2016/17 (Championship - 1st)SenegalCM29Mohamed Diame373
48%
2017/18 (Premier League - 10th)SenegalCM30Mohamed Diame312
48%
2019/20 (Premier League - 13th)AlgeriaDM24Nabil Bentaleb12
48%
2016/17 (Championship - 1st)EnglandDM26Jack Colback29
43%
2014/15 (Premier League - 15th)EnglandDM24Jack Colback354
43%
2015/16 (Premier League - 18th)EnglandDM25Jack Colback291
43%
2021/22 (Premier League - 11th)IrelandCM29Jeff Hendrick31
43%
2020/21 (Premier League - 12th)IrelandCM28Jeff Hendrick222
43%
2016/17 (Championship - 1st)BelgiumGK24Matz Sels9
43%
2014/15 (Premier League - 15th)EnglandCB30Mike Williamson311
43%
2014/15 (Premier League - 15th)IrelandGK28Rob Elliot3
43%
2016/17 (Championship - 1st)IrelandGK30Rob Elliot3
43%
2017/18 (Premier League - 10th)IrelandGK31Rob Elliot16
43%
2015/16 (Premier League - 18th)IrelandGK29Rob Elliot21
43%
2016/17 (Championship - 1st)CuracaoDM27Vurnon Anita27
43%
2015/16 (Premier League - 18th)CuracaoDM26Vurnon Anita281
43%
2014/15 (Premier League - 15th)CuracaoDM25Vurnon Anita19
43%
2018/19 (Premier League - 13th)FranceCB27Florian Lejeune12
38%
2019/20 (Premier League - 13th)FranceCB28Florian Lejeune62
38%
2017/18 (Premier League - 10th)FranceCB26Florian Lejeune24
38%
2015/16 (Premier League - 18th)FranceRW22Florian Thauvin13
38%
2016/17 (Championship - 1st)JamaicaLW20Rolando Aarons4
38%
2014/15 (Premier League - 15th)JamaicaLW18Rolando Aarons41
38%
2015/16 (Premier League - 18th)JamaicaLW19Rolando Aarons10
38%
2017/18 (Premier League - 10th)JamaicaLW21Rolando Aarons4
38%
2014/15 (Premier League - 15th)EnglandLW22Sammy Ameobi252
38%
2016/17 (Championship - 1st)EnglandLW24Sammy Ameobi4
38%
2015/16 (Premier League - 18th)FranceLW29Yoan Gouffran8
38%
2014/15 (Premier League - 15th)FranceLW28Yoan Gouffran312
38%
2016/17 (Championship - 1st)FranceLW30Yoan Gouffran395
38%
2016/17 (Championship - 1st)MoroccoLB24Achraf Lazaar4
33%
2016/17 (Championship - 1st)EnglandST19Adam Armstrong2
33%
2014/15 (Premier League - 15th)EnglandST17Adam Armstrong11
33%
2019/20 (Premier League - 13th)EnglandLB28Danny Rose11
33%
2017/18 (Premier League - 10th)SenegalAM26Henri Saivet11
33%
2015/16 (Premier League - 18th)SenegalAM24Henri Saivet4
33%
2014/15 (Premier League - 15th)ArgentinaLM30Jonas Gutierrez101
33%
2015/16 (Premier League - 18th)SwitzerlandRB20Kevin Mbabu3
33%
2014/15 (Premier League - 15th)FranceAM24Remy Cabella311
33%
2014/15 (Premier League - 15th)EnglandRB29Ryan Taylor13
33%
2015/16 (Premier League - 18th)NetherlandsAM26Siem de Jong18
33%
2014/15 (Premier League - 15th)NetherlandsAM25Siem de Jong41
33%
2014/15 (Premier League - 15th)EnglandCB28Steven Taylor101
33%
2015/16 (Premier League - 18th)EnglandCB29Steven Taylor10
33%
2023/24 (Premier League)EnglandLW21Amadou Diallo1
29%
2015/16 (Premier League - 18th)EnglandRW23Andros Townsend134
29%
2023/24 (Premier League)EnglandRW19Ben Parkinson1
29%
2015/16 (Premier League - 18th)FranceST25Emmanuel Riviere3
29%
2014/15 (Premier League - 15th)FranceST24Emmanuel Riviere231
29%
2016/17 (Championship - 1st)ScotlandCB24Grant Hanley101
29%
2014/15 (Premier League - 15th)SloveniaSS21Haris Vuckic1
29%
2016/17 (Championship - 1st)MaliLB23Massadio Haidara1
29%
2014/15 (Premier League - 15th)MaliLB21Massadio Haidara15
29%
2015/16 (Premier League - 18th)MaliLB22Massadio Haidara7
29%
2017/18 (Premier League - 10th)MaliLB24Massadio Haidara1
29%
2015/16 (Premier League - 18th)Ivory CoastST27Seydou Doumbia3
29%
2019/20 (Premier League - 13th)AustriaLM23Valentino Lazaro131
29%
2014/15 (Premier League - 15th)FranceRW25Gabriel Obertan131
24%
2015/16 (Premier League - 18th)FranceRW26Gabriel Obertan5
24%
2015/16 (Premier League - 18th)EnglandST19Ivan Toney2
24%
2014/15 (Premier League - 15th)EnglandGK21Jak Alnwick6
24%
2023/24 (Premier League)EnglandAM21Joe White4
24%
2019/20 (Premier League - 13th)EnglandCB19Kelland Watts1
24%
2017/18 (Premier League - 10th)SpainRB32Jesus Gamez2
19%
2016/17 (Championship - 1st)SpainRB31Jesus Gamez5
19%
2015/16 (Premier League - 18th)EnglandRB19Jamie Sterry1
14%
2016/17 (Championship - 1st)EnglandRB20Jamie Sterry2
14%
2014/15 (Premier League - 15th)AlgeriaCM21Mehdi Abeid13
14%
2023/24 (Premier League)EnglandST20Michael Ndiweni1
14%
2018/19 (Premier League - 13th)ItalyLB23Antonio Barreca1
5%

Score Distribution

Percentile by Number Answered

Percent of People with Each Score

Your Score History

You have not taken this quiz